Out of the public eye (Record no. 70954)
[ view plain ]
| 000 -LEADER | |
|---|---|
| fixed length control field | 00995cam a2200229 4500 |
| 001 - CONTROL NUMBER | |
| control field | ABS65803 |
| 008 - FIXED-LENGTH DATA ELEMENTS--GENERAL INFORMATION | |
| fixed length control field | 020814n2002 000 0 eng u |
| 035 ## - SYSTEM CONTROL NUMBER | |
| System control number | (Sirsi) u119334 |
| 100 ## - MAIN ENTRY--PERSONAL NAME | |
| Personal name | Bennett, J. |
| 245 ## - TITLE STATEMENT | |
| Title | Out of the public eye |
| 260 ## - PUBLICATION, DISTRIBUTION, ETC. | |
| Date of publication, distribution, etc. | 2002 |
| 490 ## - SERIES STATEMENT | |
| Series statement | Estates Gazette |
| Volume/sequential designation | (0229) 20 July 2002, 142-143(2) |
| 520 ## - SUMMARY, ETC. | |
| Summary, etc. | Advises on how to negotiate the regulatory regimes surrounding the act of taking a publicly traded property company private. Governed by the City Code on Takeovers and Mergers, the regulations aim to protect investors in public companies and ensure that all target company shareholders are treated fairly and equitably. Sections look at what may stop a takeover and how some shareholders may get special deals. |
| 590 ## - LOCAL NOTE (RLIN) | |
| Local note | ABS |
| 650 ## - SUBJECT ADDED ENTRY--TOPICAL TERM | |
| Topical term or geographic name entry element | PUBLIC COMPANIES |
| 650 ## - SUBJECT ADDED ENTRY--TOPICAL TERM | |
| Topical term or geographic name entry element | PRIVATE COMPANIES |
| 650 ## - SUBJECT ADDED ENTRY--TOPICAL TERM | |
| Topical term or geographic name entry element | INVESTORS |
| 650 ## - SUBJECT ADDED ENTRY--TOPICAL TERM | |
| Topical term or geographic name entry element | TAKEOVERS |
| 650 ## - SUBJECT ADDED ENTRY--TOPICAL TERM | |
| Topical term or geographic name entry element | CITY CODE ON TAKEOVERS AND MERGERS |
| 690 ## - LOCAL SUBJECT ADDED ENTRY--TOPICAL TERM (OCLC, RLIN) | |
| Topical term or geographic name as entry element | MANAGEMENT-BUSINESS MANAGEMENT |
| 942 ## - ADDED ENTRY ELEMENTS (KOHA) | |
| Suppress in OPAC | 0 |
| Withdrawn status | Lost status | Source of classification or shelving scheme | Damaged status | Not for loan | Home library | Current library | Shelving location | Date acquired | Total Checkouts | Full call number | Barcode | Date last seen | Copy number | Price effective from | Koha item type |
|---|---|---|---|---|---|---|---|---|---|---|---|---|---|---|---|
| Dewey Decimal Classification | London | London | Journal article | 14/08/2002 | ABS65803 | 119334-1001 | 06/08/2019 | 1 | 06/08/2019 | Journal article |